A carregar...

When children make history: a tale of 1857

Detalhes bibliográficos
Autor principal: Nandini Nayar
Formato: Printed Book
Publicado em: D C books, Kottayam 2013
Assuntos:
LEADER 00479nam a2200157 4500
082 |a 954.04 NAN 
100 |a Nandini Nayar 
245 |a When children make history: a tale of 1857  |c Nandini Nayar 
250
260 |a D C books, Kottayam  |c 2013 
300 |a 144 P 
490
650 |a Indian history--Freedom movement--1857 
942 |c BK 
999 |c 190719  |d 190719 
952 |0 0  |1 0  |4 0  |6 954_040000000000000_NAN  |7 0  |9 204068  |a ISL  |b ISL  |l 0  |o 954.04 NAN  |p ISL04691  |r 2019-10-28  |w 2019-10-28  |y BK